Historia verdadera de la conquista de la Nueva España / (Record no. 52682)
[ view plain ]
| 000 -LEADER | |
|---|---|
| fixed length control field | 00510 c a2200145 4500 |
| 008 - FIXED-LENGTH DATA ELEMENTS--GENERAL INFORMATION | |
| fixed length control field | a040301n2002 mx 000 0 spa u |
| 020 ## - INTERNATIONAL STANDARD BOOK NUMBER | |
| International Standard Book Number | 9681508637 |
| 050 ## - LIBRARY OF CONGRESS CALL NUMBER | |
| Classification number | F1230 |
| Item number | D5 2002 |
| 100 ## - MAIN ENTRY--PERSONAL NAME | |
| Personal name | Díaz del Castillo, Bernal |
| 245 ## - TITLE STATEMENT | |
| Title | Historia verdadera de la conquista de la Nueva España / |
| Statement of responsibility, etc | BernalDíaz del Castillo. |
| 260 ## - PUBLICATION, DISTRIBUTION, ETC. (IMPRINT) | |
| Place of publication, distribution, etc | México : |
| Name of publisher, distributor, etc | Editores Mexicanos Unidos., S.A., |
| Date of publication, distribution, etc | 2002 |
| 300 ## - PHYSICAL DESCRIPTION | |
| Extent | 773 p. : |
| Dimensions | 18 cm. |
| 650 ## - SUBJECT ADDED ENTRY--TOPICAL TERM | |
| Topical term or geographic name as entry element | México |
| General subdivision | Historia |
| -- | Descubrimiento y conquista 1519-1540 |
| 942 ## - ADDED ENTRY ELEMENTS (KOHA) | |
| Source of classification or shelving scheme | Biblioteca del Cogreso de los Estados Unidos |
| Koha item type | Libro |
| Estado de pérdida | Fuente de clasificación | Estado del daño | No para préstamo | Ubicación permanente | Ubicación actual | Apartado o colección | Fecha de adquisición | Edición | Dependencia de educación superior (DES) | Área del conocimiento | Clasificación | Código de Barras | Date last seen | Número de copia | Tipo de recurso | Total Checkouts | Costo por reposición |
|---|---|---|---|---|---|---|---|---|---|---|---|---|---|---|---|---|---|
| Biblioteca del Cogreso de los Estados Unidos | Biblioteca de la Preparatoria José Ma. Morelos | Biblioteca de la Preparatoria José Ma. Morelos | General | 24/09/2021 | 1. ed | Educación y Humanidades | F1230 D5 | PJM000001994 | 24/09/2021 | 1 | Libro | 1.00 | |||||
| Biblioteca del Cogreso de los Estados Unidos | Biblioteca de la Preparatoria José Ma. Morelos | Biblioteca de la Preparatoria José Ma. Morelos | General | 24/09/2021 | 1. ed | Educación y Humanidades | F1230 D5 | PJM000001995 | 24/09/2021 | 1 | Libro | 1.00 | |||||
| Biblioteca del Cogreso de los Estados Unidos | Biblioteca de la Preparatoria José Ma. Morelos | Biblioteca de la Preparatoria José Ma. Morelos | General | 24/09/2021 | 1. ed | Educación y Humanidades | F1230 D5 | PJM000001996 | 24/09/2021 | 1 | Libro | 1.00 | |||||
| Biblioteca del Cogreso de los Estados Unidos | Biblioteca de la Preparatoria José Ma. Morelos | Biblioteca de la Preparatoria José Ma. Morelos | General | 24/09/2021 | 1. ed | Educación y Humanidades | F1230 S65 | PJM000001998 | 24/09/2021 | 1 V:1 | Libro | 1.00 | |||||
| Biblioteca del Cogreso de los Estados Unidos | Biblioteca de la Preparatoria José Ma. Morelos | Biblioteca de la Preparatoria José Ma. Morelos | General | 24/09/2021 | 1. ed | Educación y Humanidades | F1230 S65 | PJM000001999 | 24/09/2021 | 2 V:2 | Libro | 1.00 | |||||
| Biblioteca del Cogreso de los Estados Unidos | Biblioteca del Colegio de San Nicolás | Biblioteca del Colegio de San Nicolás | General | 08/08/2016 | 1a. ed. | Nivel Medio Superior | Educación y Humanidades | F123O D5 2002 | BPCS000001440 | 08/08/2016 | C:1 | Libro | |||||
| Biblioteca del Cogreso de los Estados Unidos | Biblioteca del Colegio de San Nicolás | Biblioteca del Colegio de San Nicolás | General | 08/08/2016 | 1a. ed. | Nivel Medio Superior | Educación y Humanidades | F123O D5 2002 | BPCS000001439 | 08/08/2016 | C:2 | Libro |